Gaming Quiz

Random Gaming Quiz

COD MW2 CHARACTERS Quiz Stats

 Plays Quiz not verified by Sporcle

Score 0/11 Timer 03:00
0 Plays Today
RANK CHARACTER % Correct
captain'Soap' MacTavish
91.3%
Captain John Price
89.5%
Lieutenant Simon 'Ghost' Riley
83.7%
SergeantGary 'Roach' Sanderson
71.2%
Sergeant Foley
62.3%
Private First Class Joseph Allen
61%
Corporal Dunn
57.5%
not givenVladimir Makarov
53.6%
Private James Ramirez
49.2%
Lieutenant General Shepherd
47.7%
not givenNikolai
30.1%

You're not logged in!

Compare scores with friends on all Sporcle quizzes.
OR
Log In

Show Comments

Extras

Created Oct 19, 2010ReportNominate
Tags:character, cod, mw2

Top Quizzes Today


Score Distribution

Your Account Isn't Verified!

In order to create a playlist on Sporcle, you need to verify the email address you used during registration. Go to your Sporcle Settings to finish the process.

Report this User

Report this user for behavior that violates our Community Guidelines.

Details: